Kamus adik : Bahasa Melayu-Bahasa Inggeris-Bahasa Arab

Bibliographic Details
Other Authors: Abu 'Amiir 'Izzat
Format: Book
Subjects:

MARC

LEADER 00000cam a2200000 7i4500
001 0000007689
002 000008259
005 20020719.0
020 |a 9839140000 
090 0 0 |a 030   |b KAM 
245 0 0 |a Kamus adik :   |b Bahasa Melayu-Bahasa Inggeris-Bahasa Arab   |c susunan Abu 'Amiir 'Izzat 
300 |a 108p. :   |b ill. ;   |c 29cm. 
650 0 0 |a Dictionaries and encyclopedias 
700 0 |a Abu 'Amiir 'Izzat 
999 |a 00101711   |b BUKU   |c JUNIOR BOOKS   |e PERPUSTAKAAN KOMUNITI PETALING JAYA 
999 |a 00101712   |b BUKU   |c JUNIOR BOOKS   |e PERPUSTAKAAN KOMUNITI PETALING JAYA 
999 |a 00101713   |b BUKU   |c JUNIOR REFERENCE   |e PERPUSTAKAAN KOMUNITI PETALING JAYA 
999 |a 046861   |b BUKU   |c JUNIOR REFERENCE   |e PERPUSTAKAAN KOMUNITI CAW KOTA DAMANSARA 
999 |a 048065   |b BUKU   |c JUNIOR BOOKS   |e PERPUSTAKAAN KOMUNITI PETALING JAYA